Donatio mortis causa
Enregistré dans:
| Auteur principal: | |
|---|---|
| Format: | Livre |
| Langue: | italien |
| Publié: |
Nápoles
Dott. Eugenio Jovene
1969
|
| Sujets: | |
| Tags: |
Ajouter un tag
Pas de tags, Soyez le premier à ajouter un tag!
|
MARC
| LEADER | 00000nam a2200000 a 4500 | ||
|---|---|---|---|
| 001 | UCR0989 | ||
| 003 | CL-VaPUC | ||
| 008 | 971205e19690000IT |||||||||||||||||ita|d | ||
| 082 | 0 | 4 | |a 340.54 |b PAO |2 21 |
| 100 | |a Paola, Santi di |e autore |9 397637 | ||
| 245 | 1 | 0 | |a Donatio mortis causa |
| 246 | 1 | 0 | |a Corso di diritto romano |
| 300 | |a 180 p | ||
| 942 | |c BK | ||
| 945 | |d 19971205 00:00:00 |a aolguin | ||
| 260 | |a Nápoles |b Dott. Eugenio Jovene |c 1969 | ||
| 650 | 0 | |a Derecho romano |9 255930 | |
| 650 | 0 | |a Derecho sucesorio |9 255015 | |
| 650 | 7 | |a DONACIONES POR CAUSA DE MUERTE |2 CL-VaPUC |9 385592 | |
| 650 | 7 | |a ESTRUCTURA |2 CL-VaPUC |9 355242 | |
| 650 | 0 | |a Régimen jurídico |9 391149 | |
| 650 | 0 | |a Derecho justiniano |9 397596 | |
| 583 | |a last modification |c 19971205 00:00:00 |k Rodrigo Vera | ||
| 999 | |c 264484 |d 264482 | ||
| 952 | |0 0 |1 0 |4 0 |6 340_540000000000000_PAO_1969 |7 0 |8 DER_ROM |9 294765 |a BIBDER |b BIBDER |d 2019-11-19 |i 1909525 |o 340.54 PAO 1969 |p 1909525 |r 2023-01-25 |w 2019-11-19 |x Ubicación 4to piso |y BK |z Este recurso debe solicitarse con anticipación |k DER | ||